Filtros adaptativos en sistemas a lazo cerrado con modulación de ancho de pulso
Αποθηκεύτηκε σε:
| Κύριος συγγραφέας: | |
|---|---|
| Μορφή: | Βιβλίο |
| Γλώσσα: | Spanish |
| Έκδοση: |
2013
|
| Θέματα: | |
| Ετικέτες: |
Προσθήκη ετικέτας
Δεν υπάρχουν, Καταχωρήστε ετικέτα πρώτοι!
|
MARC
| LEADER | 00000nam a22000007a 4500 | ||
|---|---|---|---|
| 003 | 011817 | ||
| 005 | 20230621115350.0 | ||
| 008 | 150408b2013 cr a|||| |||| 00| 0 spa d | ||
| 040 | |c cru CEDI | ||
| 090 | |a TFG 6986 | ||
| 100 | |a Crespo Mariño, Juan Luis, 1973- |d Director del TFG |9 720 | ||
| 245 | |a Filtros adaptativos en sistemas a lazo cerrado con modulación de ancho de pulso | ||
| 260 | |c 2013 | ||
| 500 | |a Proyecto de graduación (bachillerato en ingeniería eléctrica)-- Universidad de Costa Rica. Facultad de Ingeniería. Escuela de Ingeniería Eléctrica | ||
| 650 | |x FILTROS ELECTRICOS |x SISTEMAS DE CONTROL |x SIMULACION POR COMPUTADORA |x MOTORES ELECTRICOS |9 721 | ||
| 942 | |c TFG | ||
| 999 | |c 13819 |d 13819 | ||
